El creacionismo de Vicente Huidobro en sus relaciones con la estética cubista / (Record no. 37267)

MARC details
000 -LEADER
campo de control de longitud fija 00740nam a2200229 i 4500
001 - NÚMERO DE CONTROL
campo de control 37267
003 - IDENTIFICADOR DE NÚMERO DE CONTROL
campo de control ES-MaACL
005 - FECHA Y HORA DE LA ÚLTIMA TRANSACCIÓN
campo de control 20240429091316.0
007 - CAMPO FIJO DE DESCRIPCIÓN FÍSICA--INFORMACIÓN GENERAL
campo de control de longitud fija t|
008 - DATOS DE LONGITUD FIJA--INFORMACIÓN GENERAL
campo de control de longitud fija 030220s1983 sp ||||1| spa d
020 ## - NÚMERO INTERNACIONAL ESTÁNDAR DEL LIBRO
Número Internacional Estándar del Libro 84-359-0321-4
100 1# - ENTRADA PRINCIPAL--NOMBRE DE PERSONA
Nombre de persona Busto Ogden, Estrella.
9 (RLIN) 32914
245 13 - MENCIÓN DEL TÍTULO
Título El creacionismo de Vicente Huidobro en sus relaciones con la estética cubista /
Mención de responsabilidad, etc. Estrella Busto Ogden.
260 ## - PUBLICACIÓN, DISTRIBUCIÓN, ETC.
Lugar de publicación, distribución, etc. [Madrid :
Nombre del editor, distribuidor, etc. Playor,
Fecha de publicación, distribución, etc. 1983]
300 ## - DESCRIPCIÓN FÍSICA
Extensión 190 p. :
Otras características físicas il. ;
Dimensiones 19 cm.
490 1# - MENCIÓN DE SERIE
Mención de serie Nova scholar
504 ## - NOTA DE BIBLIOGRAFÍA, ETC.
Nota de bibliografía, etc. Bibliografía: p. 187-190.
600 14 - PUNTO DE ACCESO ADICIONAL DE MATERIA--NOMBRE DE PERSONA
Nombre de persona Huidobro, Vicente,
Fechas asociadas al nombre 1893-1948-
Subdivisión general Crítica e interpretación
9 (RLIN) 64671
830 0# - PUNTO DE ACCESO ADICIONAL DE SERIE-TÍTULO UNIFORME
Título uniforme Nova scholar
9 (RLIN) 181704
852 ## - LOCALIZACIÓN
Ubicación ES-MaACL
Número de control de estantería L-9165
Sublocalización o colección R.108785
Holdings
Estatus retirado Estado de pérdida Estado de daño No para préstamo Biblioteca de origen Biblioteca actual Ubicación en estantería Fecha de adquisición Fuente de adquisición Total de préstamos Signatura topográfica completa Código de barras Visto por última vez Precio de reemplazo Tipo de ítem Koha
        Biblioteca del Ateneo de Madrid Biblioteca del Ateneo de Madrid Depósito 2 17/01/2008     L-9165 1039216 23/02/2023 23/02/2023 Libro impreso